Forecast 2004 (Record no. 74164)

MARC details
000 -LEADER
fixed length control field 00989cab a2200265 4500
001 - CONTROL NUMBER
control field ABS67498
008 - FIXED-LENGTH DATA ELEMENTS--GENERAL INFORMATION
fixed length control field 040220n2004 000 0 eng u
035 ## - SYSTEM CONTROL NUMBER
System control number (Sirsi) u125214
100 ## - MAIN ENTRY--PERSONAL NAME
Personal name Chapman, P.
245 ## - TITLE STATEMENT
Title Forecast 2004
260 ## - PUBLICATION, DISTRIBUTION, ETC.
Date of publication, distribution, etc. 2004
490 ## - SERIES STATEMENT
Series statement National Real Estate Investor
Volume/sequential designation 45(12) December 2003, 21-36 (11)
520 ## - SUMMARY, ETC.
Summary, etc. Series of articles looking at the fundamental factors that have been affecting the comercial property market in the US over the last few years, together with predictions for the present year. Subject areas specifically covered are: office space; shopping malls; industrial space and hotels. Graphs and charts.
590 ## - LOCAL NOTE (RLIN)
Local note ABS
650 ## - SUBJECT ADDED ENTRY--TOPICAL TERM
Topical term or geographic name entry element UNITED STATES
650 ## - SUBJECT ADDED ENTRY--TOPICAL TERM
Topical term or geographic name entry element OFFICE SPACE
650 ## - SUBJECT ADDED ENTRY--TOPICAL TERM
Topical term or geographic name entry element SHOPPING MALLS
650 ## - SUBJECT ADDED ENTRY--TOPICAL TERM
Topical term or geographic name entry element INDUSTRIAL SPACE
650 ## - SUBJECT ADDED ENTRY--TOPICAL TERM
Topical term or geographic name entry element RETAIL SPACE
690 ## - LOCAL SUBJECT ADDED ENTRY--TOPICAL TERM (OCLC, RLIN)
Topical term or geographic name as entry element PROPERTY-COMMERCIAL PROPERTY-COMMERCIAL PROPERTY MARKET
700 ## - ADDED ENTRY--PERSONAL NAME
Personal name McLinden, S.
700 ## - ADDED ENTRY--PERSONAL NAME
Personal name Gose, J.
700 ## - ADDED ENTRY--PERSONAL NAME
Personal name Murphy, H.
942 ## - ADDED ENTRY ELEMENTS (KOHA)
Suppress in OPAC 0
Holdings
Withdrawn status Lost status Source of classification or shelving scheme Damaged status Not for loan Home library Current library Shelving location Date acquired Total Checkouts Full call number Barcode Date last seen Copy number Price effective from Koha item type
    Dewey Decimal Classification     London London Journal article 20/02/2004   ABS67498 125214-1001 06/08/2019 1 06/08/2019 Journal article